000 00659nam a2200229Ia 4500
003 OSt
005 20220925165356.0
006 a|||||r|||| 00| 0
007 ta
008 220923b |||||||| |||| 00| 0 eng d
037 _cGeneral Book
040 _aRTL
_cRTL
_beng
041 _2eng
_aeng
082 _aX9(D66).73N70<N67r, K7
110 _aTENESSEE VALLY AUTHORITY
_9233222
245 0 _aPower annual report,1967.
260 _aAmerica
_bTenessee Vally Authority
_c1967
300 _a41p.
_ccm.
700 _aTENESSEE VALLY AUTHORITY
_9233223
942 _hX9(D66).73N70<N67r, K7
_cGB
_2CC
999 _c477103
_d477103